|
|
|
|
| LEADER |
00000nab a2200000 a 4500 |
| 001 |
vtls000791352 |
| 003 |
SK-MaSNL |
| 005 |
20260304114341.0 |
| 008 |
250429c2001 xo 0 slo |
| 015 |
|
|
|a SNBRB2002/04-13582
|
| 035 |
|
|
|a CLN000143007
|
| 035 |
|
|
|a (urnnbn)urn:nbn:sk:snk:ar-005jan
|
| 035 |
|
|
|a (uuid)9621ec63-b4ea-4d2e-8477-1d455ccf2515
|
| 035 |
|
|
|a urn:nbn:sk:snk-ab7zu6
|
| 040 |
|
|
|a SNKBUCL
|b slo
|c SNKBUCL
|e AACR2
|
| 041 |
0 |
|
|a slo
|
| 044 |
|
|
|a xo
|c SK
|
| 080 |
|
|
|a 55-051
|2 1997
|
| 080 |
|
|
|a 929 Maheľ, Michal
|2 1997
|
| 100 |
1 |
|
|a Plašienka, Dušan,
|d 1953-
|4 aut
|9 15096
|
| 245 |
1 |
0 |
|a Michal Maheľ - osobné spomienky
|c Dušan Plašienka
|
| 504 |
|
|
|a Bibliogr. odkazy
|
| 600 |
1 |
7 |
|a Maheľ, Michal,
|d 1920-1999
|2 snkbucl
|9 37070
|
| 655 |
|
7 |
|a články z novín a časopisov
|2 snkbucl
|9 267496
|
| 773 |
0 |
|
|t Mineralia slovaca
|g Roč. 33, č. 3 (2001)
|g Č. 3 (2001), s. 17-18
|x 0369-2086
|x 0369-2086
|
| 773 |
0 |
|
|t [Príl.] Geovestník
|g Roč. 33, č. 3 (2001)
|g Č. 3 (2001), s. 17-18
|x 0369-2086
|x 0369-2086
|
| 850 |
|
|
|a Slovenská národná knižnica
|
| 852 |
|
|
|a Slovenská národná knižnica
|
| 954 |
|
|
|a odborná, vedecká literatúra pôvodná (slovenská)
|2 lita
|
| 958 |
|
|
|a article9
|
| 958 |
|
|
|a OND
|
| 958 |
|
|
|a BX
|
| 958 |
|
|
|a NB
|
| 958 |
|
|
|a EUIPO
|
| 992 |
|
|
|a RBX
|
| 999 |
|
|
|c 2872575
|d 2874505
|